000 00517nam a2200181Ia 4500
003 IN-BaIIA
008 211028s9999 xx 000 0 eng d
020 _a978-1-58456-293-1
040 _cIIA Library
080 _a25.7
_bMAR
100 _aMarks, P. J. M
_935029
245 0 _aBeautiful book bindings
_ba thousand years of the bookbinder's art
_cP. J. M. Marks
260 _aLondon
_bThe British library
_c2011
300 _a192p.
650 _aBook Binders
_935030
650 _aBook bindings
_935031
942 _cBK
999 _c18300
_d18300